Need For Speed Most Wanted Blacklist Characters - Statistics

General Stats
  • This quiz has been taken 256 times
  • The average score is 12 of 15
Answer Stats
Number Answer % Correct
1 Razor
98%
15 Sonny
91%
2 Bull
86%
14 Taz
83%
3 Ronnie
80%
9 Earl
79%
10 Baron
78%
12 Izzy
78%
13 Vic
78%
6 Ming
76%
4 JV
75%
5 Webster
75%
8 Jewels
74%
11 Big Lou
72%
7 Kaze
71%
No matching quizzes found
Score Distribution
Percent of People with Each Score
Percentile by Number Answered
Your Score History
You have not taken this quiz